[Event "Newmarket Aurora Fall op U2000"]
[Site "Newmarket"]
[Date "2018.10.20"]
[Round "1.1"]
[White "Qiao, Joey"]
[Black "Khachaturov, Vadim"]
[Result "1/2-1/2"]
[WhiteElo "1486"]
[BlackElo "1748"]
[PlyCount "122"]
[EventDate "2018.10.20"]
[EventType "swiss"]
[EventRounds "5"]
[EventCountry "CAN"]
[SourceTitle "EXT 2022"]
[Source "ChessBase"]
[SourceDate "2021.10.06"]
[SourceVersion "1"]
[SourceVersionDate "2021.10.06"]
[SourceQuality "1"]

1. e4 c5 2. Nf3 d6 3. Bb5+ Bd7 4. Bxd7+ Qxd7 5. 0-0 e6 6. c3 Nc6 7. d4 cxd4 8. cxd4 Nf6 9. Nc3 Be7 10. Bf4 0-0 11. Rc1 Rac8 12. Qe2 Rfd8 13. Rfd1 Qe8 14. a3 a6 15. Rc2 Na5 16. Nd2 b5 17. Rdc1 Nc4 18. Nxc4 Rxc4 19. Be3 Rdc8 20. f3 d5 21. Bf2 b4 22. axb4 Bxb4 23. Na2 Qb5 24. Rxc4 Rxc4 25. Rxc4 dxc4 26. Nxb4 Qxb4 27. Be1 Qb5 28. Bc3 h6 29. Qd2 Nd7 30. Qf4 Qb6 31. Kf1 f6 32. Qg4 Qd6 33. g3 Kf7 34. Qh5+ Kf8 35. Qa5 Kg8 36. Qd8+ Kh7 37. Qc8 e5 38. Qxc4 exd4 39. Bxd4 Ne5 40. Bxe5 Qxe5 41. Qe2 a5 42. f4 Qc5 43. Kg2 a4 44. Qd3 Qc6 45. Kf3 h5 46. Qd5 Qe8 47. e5 fxe5 48. Qxe5 Qf7 49. Qe4+ g6 50. Qxa4 Qb7+ 51. Qe4 Qb3+ 52. Kg2 Qxb2+ 53. Kh3 Qf2 54. Qe7+ Kh6 55. Qf6 Kh7 56. Qg5 Qe2 57. f5 gxf5 58. Qxf5+ Kh6 59. Qf4+ Kh7 60. g4 Qxg4+ 61. Qxg4 hxg4+ 1/2-1/2

[Event "Mississauga Goldon Horseshoe op U2000"]
[Site "Mississauga"]
[Date "2018.06.02"]
[Round "3.3"]
[White "Milinkovic, Mate"]
[Black "Khachaturov, Vadim"]
[Result "1/2-1/2"]
[WhiteElo "1869"]
[BlackElo "1966"]
[PlyCount "96"]
[EventDate "2018.06.02"]
[EventType "swiss"]
[EventRounds "5"]
[EventCountry "CAN"]
[SourceTitle "EXT 2022"]
[Source "ChessBase"]
[SourceDate "2021.10.06"]
[SourceVersion "1"]
[SourceVersionDate "2021.10.06"]
[SourceQuality "1"]

1. e4 e5 2. Nf3 Nf6 3. Nxe5 d6 4. Nf3 Nxe4 5. d4 d5 6. Bd3 Nc6 7. 0-0 Be7 8. Bf4 0-0 9. h3 Re8 10. c3 Bf5 11. Qc2 Bg6 12. Nbd2 Bd6 13. Bxd6 Qxd6 14. Rfe1 Nxd2 15. Qxd2 Bxd3 16. Qxd3 g6 17. Re2 Rxe2 18. Qxe2 Qe7 19. Qd2 Re8 20. Re1 Qd7 21. Kf1 f6 22. Qf4 Rxe1+ 23. Nxe1 Kg7 24. Nd3 b6 25. Qf3 Nd8 26. Qe3 Ne6 27. Kg1 c6 28. h4 Qd6 29. g3 c5 30. dxc5 bxc5 31. b4 cxb4 32. Qxa7+ Kh6 33. cxb4 Qc6 34. Qf7 Nd4 35. Nf4 Qd6 36. a3 Nf3+ 37. Kh1 Nxh4 38. Qxd5 Qc7 39. Qc5 Qb7+ 40. Nd5 Nf5 41. Kh2 Qf7 42. b5 g5 43. Kg2 Qe6 44. Kh2 Qe5 45. Qf8+ Kg6 46. Qg8+ Kh6 47. Qf8+ Kg6 48. Qg8+ Kh6 1/2-1/2

[Event "FICGS W-ch st2 g02 email"]
[Site "FICGS email"]
[Date "2012.12.03"]
[Round "1"]
[White "Khachaturov, Vadim"]
[Black "Kuster, Zeljko"]
[Result "1-0"]
[WhiteElo "2363"]
[BlackElo "2118"]
[PlyCount "109"]
[EventDate "2012.??.??"]
[EventType "tourn (corr)"]
[EventRounds "8"]
[SourceTitle "Corr 2022"]
[Source "ChessBase"]
[SourceDate "2021.10.24"]
[SourceVersion "1"]
[SourceVersionDate "2021.10.24"]
[SourceQuality "1"]

1. e4 d6 2. d4 Nf6 3. Nc3 g6 4. f4 Bg7 5. Nf3 0-0 6. Bd3 Na6 7. 0-0 c5 8. d5 Rb8 9. Kh1 Bg4 10. Bc4 Nc7 11. a4 a6 12. a5 Nb5 13. Qd3 Nxc3 14. bxc3 Qc7 15. h3 Bd7 16. e5 Nh5 17. Kg1 Bh6 18. Ng5 Bb5 19. f5 Bxg5 20. exd6 Qxd6 21. Bxg5 Bxc4 22. Qxc4 Rbd8 23. Rad1 Rfe8 24. fxg6 hxg6 25. Rd3 Rd7 26. Qa4 Red8 27. Qh4 c4 28. Qxc4 Qc7 29. Qa2 Rc8 30. Qa4 Qc5+ 31. Be3 Qb5 32. Qh4 Qxa5 33. Bd4 Qd8 34. Re3 Rxd5 35. Rxe7 Rc7 36. Rfxf7 Rxe7 37. Qxe7 Qxe7 38. Rxe7 Ng3 39. Rxb7 Ne2+ 40. Kf2 Nxd4 41. cxd4 Rxd4 42. Ke3 Ra4 43. Kd3 Kf8 44. c4 Ra3+ 45. Kd4 a5 46. Ra7 Ke8 47. Ke5 Rg3 48. c5 Rxg2 49. Kd6 Rd2+ 50. Kc7 Rd7+ 51. Kb6 Rd3 52. h4 Kd8 53. Ra8+ Ke7 54. c6 Rb3+ 55. Kc7 1-0

[Event "FICGS W-ch st1 gM 01 email"]
[Site "FICGS email"]
[Date "2012.01.01"]
[Round "1"]
[White "Boehme, Sebastian"]
[Black "Khachaturov, Vadim"]
[Result "1/2-1/2"]
[WhiteElo "2369"]
[BlackElo "2355"]
[PlyCount "107"]
[EventDate "2012.??.??"]
[EventType "tourn (corr)"]
[EventRounds "6"]
[EventCategory "1"]
[SourceTitle "Corr 2022"]
[Source "ChessBase"]
[SourceDate "2021.10.24"]
[SourceVersion "1"]
[SourceVersionDate "2021.10.24"]
[SourceQuality "1"]

1. e4 e5 2. Nf3 Nf6 3. Nxe5 d6 4. Nf3 Nxe4 5. Nc3 Nxc3 6. dxc3 Be7 7. Be3 0-0 8. Qd2 Nc6 9. 0-0-0 Ne5 10. h4 c6 11. a3 Ng4 12. Bf4 Bd7 13. Bd3 Re8 14. Ng5 Nf6 15. Kb1 d5 16. Be5 h6 17. Qf4 Bf8 18. c4 a5 19. cxd5 cxd5 20. Bh7+ Nxh7 21. Qxf7+ Kh8 22. Rxd5 Rxe5 23. Rxe5 Nf6 24. Qg6 Be8 25. Nf7+ Bxf7 26. Qxf7 b6 27. Rhe1 Bc5 28. f3 Bf2 29. Re7 Qg8 30. Qxg8+ Kxg8 31. R1e2 Bxh4 32. Rb7 Nd5 33. c4 Nf4 34. Re4 Bg5 35. Rxb6 Nxg2 36. c5 Rc8 37. b4 axb4 38. axb4 Ne3 39. Rd6 Kf8 40. Rd7 Nf5 41. Re5 Ne7 42. Ka2 Bf6 43. Re1 Nc6 44. Re4 h5 45. Kb3 h4 46. f4 Nb8 47. Rd5 Na6 48. Kc4 Rb8 49. b5 Nc7 50. Rd7 Nxb5 51. c6 Bb2 52. Re3 Ba3 53. Kd5 Bb4 54. c7 1/2-1/2

[Event "FICGS W-ch final email"]
[Site "FICGS email"]
[Date "2011.04.01"]
[Round "1"]
[White "Khachaturov, Vadim"]
[Black "Hase, Pavel"]
[Result "1/2-1/2"]
[WhiteElo "2333"]
[BlackElo "2260"]
[PlyCount "93"]
[EventDate "2011.??.??"]
[EventType "tourn (corr)"]
[EventRounds "6"]
[EventCategory "5"]
[SourceTitle "Corr 2013"]
[Source "ChessBase"]
[SourceDate "2012.11.12"]
[SourceVersion "1"]
[SourceVersionDate "2012.11.12"]
[SourceQuality "1"]

1. e4 e5 2. Nf3 Nc6 3. Bb5 a6 4. Ba4 Nf6 5. 0-0 Be7 6. Re1 b5 7. Bb3 0-0 8. c3 d6 9. h3 Bb7 10. d4 Re8 11. Nbd2 Bf8 12. d5 Nb8 13. Nf1 Nbd7 14. Ng3 g6 15. Be3 Nc5 16. Bc2 c6 17. b4 Ncd7 18. dxc6 Bxc6 19. a4 Rc8 20. axb5 Bxb5 21. Ra3 Nb6 22. Bb3 Be7 23. Bh6 Qd7 24. Nd2 Rc6 25. Qf3 Rec8 26. Ba2 Bd8 27. Rc1 R6c7 28. Rd1 Kh8 29. Ne2 Rb7 30. Rb1 Rbc7 31. Rd1 Rb7 32. Ng3 Rbc7 33. Bg5 Kg7 34. Ngf1 h6 35. Be3 Rc6 36. Ra1 d5 37. Bc5 Nc4 38. Nxc4 dxc4 39. Ne3 Qe6 40. Rd1 Bb6 41. Bxb6 Rxb6 42. Bb1 Rd6 43. Rxd6 Qxd6 44. Ra1 Rd8 45. Bc2 Qc6 46. Re1 Rd7 47. Kh2 1/2-1/2

[Event "FICGS W-ch fina email"]
[Site "FICGS email"]
[Date "2010.07.06"]
[Round "1"]
[White "Boehme, Sebastian"]
[Black "Khachaturov, Vadim"]
[Result "1/2-1/2"]
[WhiteElo "2279"]
[BlackElo "2347"]
[PlyCount "51"]
[EventDate "2010.??.??"]
[EventType "tourn (corr)"]
[EventRounds "6"]
[EventCategory "3"]
[SourceTitle "Corr 2013"]
[Source "ChessBase"]
[SourceDate "2012.11.12"]
[SourceVersion "1"]
[SourceVersionDate "2012.11.12"]
[SourceQuality "1"]

1. e4 e5 2. Nf3 Nc6 3. Bb5 a6 4. Ba4 Nf6 5. 0-0 Be7 6. Re1 b5 7. Bb3 d6 8. c3 0-0 9. h3 Bb7 10. d4 Re8 11. Nbd2 Bf8 12. a4 h6 13. Bc2 exd4 14. cxd4 Nb4 15. Bb1 c5 16. d5 Nd7 17. Ra3 Nb6 18. b3 f5 19. axb5 axb5 20. exf5 Rxa3 21. Bxa3 N4xd5 22. Rxe8 Qxe8 23. Bb2 Qe7 24. Be4 Nc3 25. Bxc3 Bxe4 26. f6 1/2-1/2

[Event "FICGS W-ch st2 g02 email"]
[Site "FICGS email"]
[Date "2010.07.06"]
[Round "1"]
[White "Khachaturov, Vadim"]
[Black "Parmet, Daniel Edward"]
[Result "1-0"]
[WhiteElo "2347"]
[BlackElo "2061"]
[PlyCount "67"]
[EventDate "2010.??.??"]
[EventType "tourn (corr)"]
[EventRounds "6"]
[SourceTitle "Corr 2013"]
[Source "ChessBase"]
[SourceDate "2012.11.12"]
[SourceVersion "1"]
[SourceVersionDate "2012.11.12"]
[SourceQuality "1"]

1. e4 e5 2. Nf3 Nc6 3. Bb5 Nf6 4. Nc3 Nd4 5. Ba4 Bc5 6. Nxe5 0-0 7. Nd3 Bb6 8. e5 Ne8 9. Nd5 d6 10. Ne3 dxe5 11. Nxe5 Qg5 12. N5c4 f5 13. h4 Qf6 14. f4 Ne6 15. Bb3 Kh8 16. d3 Nd6 17. Nxd6 cxd6 18. Nd5 Qg6 19. Kf1 Ba5 20. Bd2 b6 21. h5 Qh6 22. c3 Bb7 23. Rh3 b5 24. Qe2 Rae8 25. Re3 Bxd5 26. Bxd5 Nc7 27. Bf3 Bb6 28. Re7 Rxe7 29. Qxe7 Re8 30. Qf7 Qe6 31. Qxe6 Rxe6 32. c4 bxc4 33. dxc4 Kg8 34. a4 1-0

[Event "FICGS W-ch fina email"]
[Site "FICGS email"]
[Date "2010.07.06"]
[Round "1"]
[White "Lemekhov, Yura"]
[Black "Khachaturov, Vadim"]
[Result "1/2-1/2"]
[WhiteElo "2347"]
[BlackElo "2347"]
[PlyCount "47"]
[EventDate "2010.??.??"]
[EventType "tourn (corr)"]
[EventRounds "6"]
[EventCategory "3"]
[SourceTitle "Corr 2013"]
[Source "ChessBase"]
[SourceDate "2012.11.12"]
[SourceVersion "1"]
[SourceVersionDate "2012.11.12"]
[SourceQuality "1"]

1. d4 Nf6 2. c4 e6 3. Nf3 b6 4. g3 Ba6 5. b3 Bb4+ 6. Bd2 Be7 7. Bg2 c6 8. Bc3 d5 9. Nbd2 Nbd7 10. 0-0 0-0 11. Re1 c5 12. e4 dxe4 13. Nxe4 Nxe4 14. Rxe4 Bb7 15. Re3 Bf6 16. dxc5 Bxc3 17. Rxc3 Nxc5 18. b4 Ne4 19. Re3 Qc7 20. Nd4 Nd6 21. Bxb7 Nxb7 22. Qc2 Rac8 23. Nb5 Qb8 24. Rd3 1/2-1/2

[Event "FICGS W-ch qf1 email"]
[Site "FICGS email"]
[Date "2010.07.02"]
[Round "2"]
[White "Khachaturov, Vadim"]
[Black "Szczepanski, Zbigniew"]
[Result "1/2-1/2"]
[WhiteElo "2347"]
[BlackElo "2563"]
[PlyCount "88"]
[EventDate "2010.??.??"]
[EventType "match (corr)"]
[EventRounds "8"]
[SourceTitle "Corr 2013"]
[Source "ChessBase"]
[SourceDate "2012.11.12"]
[SourceVersion "1"]
[SourceVersionDate "2012.11.12"]
[SourceQuality "1"]

1. e4 c5 2. Nf3 Nc6 3. d4 cxd4 4. Nxd4 g6 5. Nc3 Bg7 6. Be3 Nf6 7. Bc4 0-0 8. Bb3 d6 9. f3 Na5 10. Qd2 Bd7 11. 0-0-0 Nxb3+ 12. cxb3 Rb8 13. Kb1 b5 14. g4 b4 15. Nce2 a5 16. g5 Ne8 17. h4 e5 18. Nc2 f5 19. gxf6 Qxf6 20. Rdf1 h5 21. Qd5+ Qf7 22. Qxa5 Bb5 23. Qxb4 Nf6 24. Qd2 d5 25. Na3 Ba6 26. Rhg1 Rfd8 27. Qe1 dxe4 28. fxe4 Qb7 29. Ka1 Ng4 30. Bg5 Rd7 31. Nc3 Bxf1 32. Qxf1 Rf8 33. Qc4+ Kh7 34. Nab5 Nf2 35. a4 Nh3 36. Rg2 Nf4 37. Rf2 Rc8 38. Qf1 Nd3 39. Rd2 Nc5 40. Rxd7 Qxd7 41. Ka2 Rf8 42. Qc4 Ne6 43. Be3 Qc8 44. Qb4 Qd8 1/2-1/2

[Event "FICGS W-ch qf1 email"]
[Site "FICGS email"]
[Date "2010.07.02"]
[Round "5"]
[White "Szczepanski, Zbigniew"]
[Black "Khachaturov, Vadim"]
[Result "1-0"]
[WhiteElo "2563"]
[BlackElo "2347"]
[PlyCount "77"]
[EventDate "2010.??.??"]
[EventType "match (corr)"]
[EventRounds "8"]
[SourceTitle "Corr 2013"]
[Source "ChessBase"]
[SourceDate "2012.11.12"]
[SourceVersion "1"]
[SourceVersionDate "2012.11.12"]
[SourceQuality "1"]

1. d4 Nf6 2. c4 e6 3. g3 c5 4. d5 exd5 5. cxd5 d6 6. Nc3 g6 7. Nf3 Bg7 8. Bg2 0-0 9. 0-0 a6 10. a4 Re8 11. Bf4 Nh5 12. Bg5 Qc7 13. e4 Nd7 14. Re1 Ne5 15. h3 Bd7 16. g4 h6 17. Bd2 Nf6 18. Nxe5 Rxe5 19. Bf4 Ree8 20. a5 Rad8 21. Qd2 h5 22. g5 Nh7 23. Rec1 Nf8 24. b4 c4 25. Be3 Ra8 26. f4 Bb5 27. Rf1 Rab8 28. Rae1 b6 29. Nxb5 axb5 30. Bxb6 Rxb6 31. axb6 Qxb6+ 32. Kh1 Qb8 33. e5 dxe5 34. f5 Rd8 35. Qf2 gxf5 36. Qxf5 Qc7 37. Ra1 e4 38. Ra3 Bb2 39. Ra6 1-0

[Event "LSS BI-2009-F-00001"]
[Site "LSS email"]
[Date "2010.02.15"]
[Round "?"]
[White "Khachaturov, Vadim"]
[Black "Szabo, Vilmos"]
[Result "1/2-1/2"]
[WhiteElo "2173"]
[BlackElo "2343"]
[PlyCount "49"]
[EventDate "2010.02.17"]
[EventType "tourn (corr)"]
[EventRounds "10"]
[EventCountry "GER"]
[SourceTitle "Corr 2013"]
[Source "ChessBase"]
[SourceDate "2012.11.12"]
[SourceVersion "1"]
[SourceVersionDate "2012.11.12"]
[SourceQuality "1"]

1. d4 Nf6 2. c4 e6 3. Nf3 b6 4. g3 Ba6 5. b3 Bb4+ 6. Bd2 Be7 7. Bg2 c6 8. Bc3 d5 9. Ne5 Ne4 10. 0-0 Nxc3 11. Nxc3 0-0 12. Rc1 Bb7 13. cxd5 cxd5 14. e4 dxe4 15. Nxe4 Nd7 16. Nc4 Rb8 17. Qe2 Nf6 18. Nxf6+ Bxf6 19. Bxb7 Rxb7 20. Ne5 Rc7 21. Qe4 h6 22. Kg2 Bxe5 23. dxe5 Rd7 24. Rc4 Rd5 25. Rfc1 1/2-1/2

[Event "FICGS rapid SM 000004 email"]
[Site "FICGS email"]
[Date "2010.01.27"]
[Round "1"]
[White "Lemekhov, Yura"]
[Black "Khachaturov, Vadim"]
[Result "1-0"]
[WhiteElo "2328"]
[BlackElo "2314"]
[PlyCount "137"]
[EventDate "2010.??.??"]
[EventType "tourn (rapid)"]
[EventRounds "1"]
[SourceTitle "Corr 2013"]
[Source "ChessBase"]
[SourceDate "2012.11.12"]
[SourceVersion "1"]
[SourceVersionDate "2012.11.12"]
[SourceQuality "1"]

1. d4 d5 2. c4 c6 3. Nf3 Nf6 4. Nc3 e6 5. Bg5 h6 6. Bh4 dxc4 7. e4 g5 8. Bg3 b5 9. Be2 Bb7 10. h4 g4 11. Ne5 h5 12. 0-0 Nbd7 13. Qc2 Nxe5 14. Bxe5 Bg7 15. Rad1 0-0 16. Bg3 Nd7 17. f3 Qb6 18. Kh1 c5 19. d5 Bxc3 20. bxc3 exd5 21. exd5 Qg6 22. Qb2 Nb6 23. fxg4 Rae8 24. Rf5 f6 25. Qb1 Kg7 26. Bf3 hxg4 27. Be4 Na4 28. Rf4 Qh5 29. Qc2 Nb6 30. Qf2 f5 31. Rxf5 Rxf5 32. Bxf5 Nxd5 33. Bd7 Re7 34. Bxb5 Ne3 35. Re1 Qd5 36. Bf4 Rf7 37. Rxe3 Rxf4 38. Qg3 a6 39. Ba4 Qd6 40. Kh2 Qf6 41. Bd7 Re4 42. Rxe4 Bxe4 43. Bxg4 Kh7 44. Be2 Bd5 45. Kg1 Qe7 46. Bg4 Kh8 47. Bc8 a5 48. Qf4 Kg7 49. Kf2 Bf7 50. Bf5 Qb7 51. Qg5+ Kf8 52. Qh6+ Ke7 53. Qe3+ Kd8 54. Qxc5 Qb2+ 55. Kg1 Qc1+ 56. Kh2 Qf4+ 57. g3 Qd2+ 58. Kh3 Ke8 59. Qxa5 Kf8 60. a4 Qe1 61. Qd8+ Kg7 62. Qd4+ Kf8 63. a5 Qf1+ 64. Kg4 Qe2+ 65. Kf4 Qf1+ 66. Kg5 Qc1+ 67. Kg4 Qh6 68. Qd8+ Be8 69. Kf3 1-0

[Event "FICGS W-ch st2 g03 email"]
[Site "FICGS email"]
[Date "2009.11.03"]
[Round "1"]
[White "Blinchevsky, Alexander"]
[Black "Khachaturov, Vadim"]
[Result "1/2-1/2"]
[WhiteElo "2113"]
[BlackElo "2292"]
[PlyCount "41"]
[EventDate "2009.??.??"]
[EventType "tourn (corr)"]
[EventRounds "8"]
[SourceTitle "Corr 2022"]
[Source "ChessBase"]
[SourceDate "2021.10.24"]
[SourceVersion "1"]
[SourceVersionDate "2021.10.24"]
[SourceQuality "1"]

1. d4 d5 2. c4 c6 3. Nf3 Nf6 4. Nc3 e6 5. e3 Nbd7 6. Qc2 Bd6 7. Bd3 0-0 8. Bd2 dxc4 9. Bxc4 e5 10. 0-0 exd4 11. exd4 Nb6 12. Bb3 Nbd5 13. Nxd5 Nxd5 14. Rfe1 Bg4 15. Ng5 Nf6 16. Ne4 Nxe4 17. Qxe4 Bh5 18. d5 Bg6 19. Qg4 c5 20. a4 Qc8 21. Qc4 1/2-1/2

[Event "LSS CP-2009-P-00080"]
[Site "LSS email"]
[Date "2009.09.27"]
[Round "?"]
[White "Khachaturov, Vadim"]
[Black "Turner, Larry"]
[Result "1-0"]
[WhiteElo "2170"]
[BlackElo "1424"]
[PlyCount "27"]
[EventDate "2009.10.01"]
[EventType "tourn (corr)"]
[EventRounds "6"]
[EventCountry "GER"]
[SourceTitle "Corr 2013"]
[Source "ChessBase"]
[SourceDate "2012.11.12"]
[SourceVersion "1"]
[SourceVersionDate "2012.11.12"]
[SourceQuality "1"]
[WhiteTeam "US of America"]
[BlackTeam "US of America"]
[WhiteTeamCountry "USA"]
[BlackTeamCountry "USA"]

1. e4 c5 2. Nf3 d6 3. d4 cxd4 4. Nxd4 Nf6 5. Nc3 a6 6. Bg5 e6 7. f4 Be7 8. Qf3 Qc7 9. 0-0-0 Nbd7 10. g4 b5 11. Bxf6 Nxf6 12. g5 Nd7 13. f5 Ne5 14. Qg3 1-0

[Event "LSS CP-2009-P-00080"]
[Site "LSS email"]
[Date "2009.09.27"]
[Round "?"]
[White "Spanton, Timothy"]
[Black "Khachaturov, Vadim"]
[Result "1/2-1/2"]
[WhiteElo "2143"]
[BlackElo "2169"]
[PlyCount "50"]
[EventDate "2009.10.01"]
[EventType "tourn (corr)"]
[EventRounds "6"]
[EventCountry "GER"]
[SourceTitle "Corr 2013"]
[Source "ChessBase"]
[SourceDate "2012.11.12"]
[SourceVersion "1"]
[SourceVersionDate "2012.11.12"]
[SourceQuality "1"]
[WhiteTeam "US of America"]
[BlackTeam "US of America"]
[WhiteTeamCountry "USA"]
[BlackTeamCountry "USA"]

1. e4 c5 2. Nf3 d6 3. Bb5+ Nd7 4. d4 Ngf6 5. 0-0 a6 6. Bxd7+ Nxd7 7. Nc3 cxd4 8. Qxd4 e6 9. Rd1 f6 10. Be3 Qc7 11. a4 Ne5 12. Nxe5 dxe5 13. Qd3 b6 14. a5 bxa5 15. Na4 Rb8 16. b3 Be7 17. Bc5 Bxc5 18. Nxc5 Ke7 19. Qe3 Rd8 20. h3 Rxd1+ 21. Rxd1 Rb6 22. Na4 Rd6 23. Rxd6 Kxd6 24. c4 Bd7 25. Nb6 Be8 1/2-1/2

[Event "LSS BI-2009-P-00021"]
[Site "LSS email"]
[Date "2009.04.19"]
[Round "?"]
[White "Fernandez, Javier Horacio"]
[Black "Khachaturov, Vadim"]
[Result "0-1"]
[WhiteElo "2060"]
[BlackElo "2169"]
[PlyCount "124"]
[EventDate "2009.04.20"]
[EventType "tourn (corr)"]
[EventRounds "10"]
[EventCountry "GER"]
[SourceTitle "Telechess CBM 137"]
[Source "ChessBase"]
[SourceDate "2010.07.15"]
[SourceVersion "1"]
[SourceVersionDate "2010.07.15"]
[SourceQuality "1"]

1. d4 Nf6 2. c4 g6 3. Nc3 d5 4. cxd5 Nxd5 5. e4 Nxc3 6. bxc3 Bg7 7. Nf3 c5 8. Rb1 0-0 9. Be2 Nc6 10. d5 Ne5 11. Nxe5 Bxe5 12. Qd2 e6 13. f4 Bc7 14. 0-0 exd5 15. exd5 Ba5 16. d6 Rb8 17. Ba3 Bf5 18. Rbc1 b6 19. g4 Bd7 20. f5 Qf6 21. fxg6 Qxg6 22. Rf3 Rbe8 23. Bd3 Qg7 24. Bb2 b5 25. Rg3 c4 26. Bf5 Bb6+ 27. Kg2 Bc6+ 28. Kf1 Qf6 29. Ba3 Re5 30. d7 Rd8 31. Re1 Rxd7 32. Qf4 Rxe1+ 33. Kxe1 Rd8 34. g5 Re8+ 35. Kf1 Qe5 36. Bxh7+ Kg7 37. Qxe5+ Rxe5 38. g6 Rf5+ 39. Ke2 Rf2+ 40. Kd1 Bf3+ 41. Ke1 fxg6 42. Bxg6 Kf6 43. Bb1 Bh5 44. Rh3 Bg4 45. Rh6+ Ke5 46. Rg6 Re2+ 47. Kf1 Bf3 48. Bd6+ Kd5 49. Bf4 Rf2+ 50. Ke1 Rb2 51. Rg5+ Kc6 52. Rg6+ Kb7 53. Bf5 Rxa2 54. Bg4 Bxg4 55. Rxg4 Bd8 56. h4 Bf6 57. Bd2 Ra3 58. h5 Bxc3 59. Bxc3 Rxc3 60. Rh4 Rd3 61. Ke2 Rd8 62. Rh3 b4 0-1